000 01399nam0a22002771 4500
001 v19\rc\1677108
005 20250619015411.0
035 _a(NLR Aleph) 004783662
090 _a4684321
_c4684321
100 _a20061002d1894 |||y0rusy50 ca
101 1 _arus
_clat
102 _aRU
105 _ay z |||||
200 1 _aЭтика, изложенная геометрическим методом и разделенная на пять частей, в коих рассуждается
_fПер. с лат. под ред. [и с предисл.] проф. В.И. Модестова
_hI
_iО боге
_hII
_iО природе и начале души
_hIII
_iО начале и природе аффектов
_hIV
_iО рабстве человеческом или о силе аффектов
_hV
_iО власти разума или о человеческой свободе
205 _a3-е изд.
210 _aСанкт-Петербург
_cЛ.Ф. Пантелеев
_d1894
215 _a[4], 327 с.
_d23
300 _aПеред загл.: Бенедикта Спинозы
700 1 _aСпиноза
_bБ.
_f1632-1677
_gБенедикт
702 1 _aМодестов
_bВ.И.
_f1839-1907
_gВасилий Иванович
_4340
_4080
801 0 _aRU
_bNLR
_gpsbo
801 1 _aRU
_bProSoft-M
_2rusmarc
852 _aNLR
_jФ30/Б-5/10
852 _aNLR
_j18.284.6.19
942 _cBOOK
980 _aNB